<?xml version="1.0" encoding="UTF-8"?>
<record
    xmlns:xsi="http://www.w3.org/2001/XMLSchema-instance"
    xsi:schemaLocation="http://www.loc.gov/MARC21/slim http://www.loc.gov/standards/marcxml/schema/MARC21slim.xsd"
    xmlns="http://www.loc.gov/MARC21/slim">

  <leader>00342    a2200109   4500</leader>
  <controlfield tag="005">20250629102730.0</controlfield>
  <datafield tag="100" ind1=" " ind2=" ">
    <subfield code="a">BANTURAKI,A.J</subfield>
  </datafield>
  <datafield tag="245" ind1=" " ind2=" ">
    <subfield code="a">Cooperatives and Poverty Alleviation</subfield>
  </datafield>
  <datafield tag="260" ind1=" " ind2=" ">
    <subfield code="a">Dodoma</subfield>
    <subfield code="b">TEMA Publishers Company.</subfield>
    <subfield code="c">2000</subfield>
  </datafield>
  <datafield tag="300" ind1=" " ind2=" ">
    <subfield code="a">xxiii,158p.:ill.,pictures,tables                                         </subfield>
    <subfield code="c">21cm.</subfield>
  </datafield>
  <datafield tag="942" ind1=" " ind2=" ">
    <subfield code="2">ddc</subfield>
    <subfield code="c">BKS</subfield>
  </datafield>
  <datafield tag="999" ind1=" " ind2=" ">
    <subfield code="c">6259</subfield>
    <subfield code="d">6259</subfield>
  </datafield>
  <datafield tag="952" ind1=" " ind2=" ">
    <subfield code="r">2025-06-29 10:30:49</subfield>
    <subfield code="l">0</subfield>
    <subfield code="o">334.6 BAN</subfield>
    <subfield code="p">DOM0003320</subfield>
    <subfield code="v">30000.00</subfield>
    <subfield code="w">2025-06-29</subfield>
    <subfield code="y">BKS</subfield>
    <subfield code="1">0</subfield>
    <subfield code="2">ddc</subfield>
    <subfield code="4">0</subfield>
    <subfield code="7">0</subfield>
    <subfield code="0">0</subfield>
    <subfield code="a">004</subfield>
    <subfield code="b">004</subfield>
    <subfield code="d">2002-01-07</subfield>
    <subfield code="e">Library budget</subfield>
    <subfield code="g">10000.00</subfield>
  </datafield>
  <datafield tag="952" ind1=" " ind2=" ">
    <subfield code="r">2025-06-29 10:33:20</subfield>
    <subfield code="l">0</subfield>
    <subfield code="o">334.6 BAN</subfield>
    <subfield code="p">DOM0004225</subfield>
    <subfield code="v">30000.00</subfield>
    <subfield code="w">2025-06-29</subfield>
    <subfield code="y">BKS</subfield>
    <subfield code="1">0</subfield>
    <subfield code="2">ddc</subfield>
    <subfield code="4">0</subfield>
    <subfield code="7">0</subfield>
    <subfield code="0">0</subfield>
    <subfield code="a">004</subfield>
    <subfield code="b">004</subfield>
    <subfield code="d">2002-01-07</subfield>
    <subfield code="e">Library budget</subfield>
    <subfield code="g">10000.00</subfield>
  </datafield>
</record>
